000 00333nam a2200133Ia 4500
005 20260328104339.0
008 260328s9999||||xx |||||||||||||| ||und||
100 _aVon Frisch, Karl
245 0 _aAnimal Architecture /
_cKarl Von Frisch
260 _bHelen and Kurt Wolff
300 _a306 p.
650 _aARQUITECTURA
942 _cBK
999 _c12033
_d12033